LEADER 01274nam 2200433 450 001 9910830719003321 005 20240206180056.0 010 $a1-119-51397-9 010 $a1-119-51383-9 010 $a1-119-51393-6 035 $a(PPN)275477266 035 $a(CKB)4100000010870918 035 $a(MiAaPQ)EBC6191212 035 $a(EXLCZ)994100000010870918 100 $a20200812d2020 uy 0 101 0 $aeng 135 $aurcnu|||||||| 181 $ctxt$2rdacontent 182 $cc$2rdamedia 183 $acr$2rdacarrier 200 10$aNitrogen overload $eenvironmental degradation, ramifications, and economic costs /$fBrian G. Katz 210 1$aHoboken, New Jersey ;$aWashington, District of Columbia :$cAGU 100 :$cWiley,$d[2020] 210 4$d©2020 215 $a1 online resource (266 pages) 225 1 $aGeophysical Monograph ;$v250 300 $aIncludes index. 311 $a1-119-51396-0 410 0$aGeophysical monograph series ;$v250. 606 $aNitrogen cycle 615 0$aNitrogen cycle. 676 $a577.145 700 $aKatz$b Brian G.$01217837 801 0$bMiAaPQ 801 1$bMiAaPQ 801 2$bMiAaPQ 906 $aBOOK 912 $a9910830719003321 996 $aNitrogen overload$93932223 997 $aUNINA LEADER 01445nam0 22002891i 450 001 UON00395555 005 20231205104633.307 010 $a88-7285-293-5 100 $a20110711d2003 |0itac50 ba 101 $aita 102 $aIT 105 $a|||| ||||| 200 1 $aˆIl ‰dolore dell'indeterminato$euna attualizzazione della filosofia politica di Hegel$fAxel Honneth - Roma$eManifestolibri, [2003] - 142 p. ; 17 cm. 316 $aRicerca Prof. Bonito Oliva$5IT-UONSI TEORIA POLSMARRITO/SMARRITO 410 1$1001UON00395408$12001 $aˆLe ‰orme - Roma$eManifestolibri$v19 606 $aHEGEL GEORG WILHELM FRIEDRICH$xConcezione politica$3UONC049942$2FI 620 $aIT$dRoma$3UONL000004 676 $a193$cFilosofia occidentale moderna. Germania e Austria$v21 700 1$aHonneth$bAxel$3UONV185813$0120120 712 $aManifestolibri$3UONV259087$4650 801 $aIT$bSOL$c20250926$gRICA 899 $aSIBA - SISTEMA BIBLIOTECARIO DI ATENEO$2UONSI 912 $aUON00395555 950 $aSIBA - SISTEMA BIBLIOTECARIO DI ATENEO$dSI TEORIA POLSMARRITO SMARRITO $eSI FP 22048 6 SMARRITO Ricerca Prof. Bonito Oliva$sSmarrito 951 $aSIBA - SISTEMA BIBLIOTECARIO DI ATENEO$bSI2017692 1Z 20170803ESAURITO - COMUNICAZIONE FO E-MAIL DEL 2/11/2017 - 996 $aDolore dell'indeterminato$91105743 997 $aUNIOR